|
|
|
|
| LEADER |
00000cam a2200000 a 4500 |
| 001 |
vtls001177158 |
| 003 |
SK-MaSNL |
| 005 |
20260301002600.0 |
| 008 |
250414t1967 au 0000f ger |
| 015 |
|
|
|a SNBZSA1990
|
| 035 |
|
|
|a SNK000120158
|
| 040 |
|
|
|a SNK
|b slo
|c SNK
|e AACR2
|
| 041 |
1 |
|
|a ger
|h slo
|
| 044 |
|
|
|a au
|c AT
|
| 072 |
|
7 |
|a 821.162.4
|x Slovenská literatúra
|2 konspekt
|
| 080 |
|
|
|a 821.162.4-31
|2 2011
|
| 080 |
|
|
|a (0:82-311.6)
|2 2001
|
| 100 |
1 |
|
|a Mňačko, Ladislav,
|d 1919-1994
|4 aut
|9 110734
|
| 240 |
1 |
0 |
|a Ako chutí moc
|l Nemecky
|
| 245 |
1 |
0 |
|a Wie die Macht schmeckt
|b Roman
|c Ladislav Mňačko ; [nach dem slowakischen Originalmanuskript ins Deutsche übertragen Erich Bertleff ; Schutzumschlag Hans Schaumberger]
|
| 250 |
|
|
|a 2. Aufl.
|
| 260 |
|
|
|a Wien
|b Fritz Molden
|c c1967
|e Wien
|f Pressehaus Fritz Molden
|
| 300 |
|
|
|a 270 s.
|c 22 cm
|
| 336 |
|
|
|a text
|b txt
|2 marccontent
|
| 337 |
|
|
|a bez média
|b n
|2 marcmedia
|
| 338 |
|
|
|a zväzok
|b nc
|2 marccarrier
|
| 655 |
|
7 |
|a slovenské romány
|2 SNKPH
|9 70324
|
| 655 |
|
7 |
|a politické romány
|2 SNKPH
|9 70728
|
| 655 |
|
7 |
|a Slovak fiction
|2 SNKPHeng
|9 277096
|
| 655 |
|
7 |
|a Political novels
|2 SNKPHeng
|9 282631
|
| 700 |
1 |
|
|a Bertleff, Erich
|4 trl
|9 282632
|
| 700 |
1 |
|
|a Schaumberger, Hans
|4 nob
|9 282633
|
| 852 |
|
|
|a Slovenská národná knižnica
|
| 954 |
|
|
|a romány politické
|
| 958 |
|
|
|a AT
|
| 958 |
|
|
|a TL
|
| 958 |
|
|
|a ZS
|
| 958 |
|
|
|a UP
|
| 958 |
|
|
|a OND
|
| 999 |
|
|
|c 537639
|d 539569
|
| 952 |
|
|
|t P60, <03>, [BOOK], {603}
|a SNK
|b SNK
|y PREZ
|7 0
|p 17A0109478
|o snkSC 23737
|0 0
|1 0
|4 0
|d 1997-11-17
|l 0
|r 2025-08-20 00:00:00
|w 2026-02-23
|